00898nam a22002417a 4500001000500000005001700005020001800022040002900040050001700069082001100086100002100097245017000118260003400288300002300322505000700345520018000352521001700532521001700549650000900566650001300575700003200588700003600620205320250820091324.0 a9780590308571 aFISKHbengcFISKHdFISKH aPZ7.M4784115 a793.74 aMaccarone, Grace aThree pigs, one wolf, and seven magic shapes /cWITH TANGRAM CUTOUTS! A MATH READER! by Grace Maccarone Illustrated by David Meuhaus Math Activities by Marilyn Burns aNew York :bScholastic,c1997 a32 pages : c23 cm aO  aTells the story of three pigs who acquire some magic shapes, which they use for various purposes, some smart and some not so smart. Includes a section with related activities. a630 bLexile aO bRaz-Pluz 2Math 2Geometry aNeuhaus, DavidcIllustrator aBurns, MarilyncMath Activities